LEADER 01714oam 2200505zu 450 001 996212474403316 005 20210807003358.0 010 $a0-7803-4210-0 035 $a(CKB)111026746720558 035 $a(SSID)ssj0000455199 035 $a(PQKBManifestationID)12150313 035 $a(PQKBTitleCode)TC0000455199 035 $a(PQKBWorkID)10399569 035 $a(PQKB)10788202 035 $a(EXLCZ)99111026746720558 100 $a20160829d1997 uy 101 0 $aeng 181 $ctxt 182 $cc 183 $acr 200 10$aProceedings 210 31$a[Place of publication not identified]$cThe Conference$d1997 300 $aBibliographic Level Mode of Issuance: Monograph 517 $aInternational Test Conference 1997 531 $aitc 531 $aPROCEEDINGS 606 $aIntegrated circuits$xCongresses$xTesting 606 $aElectronic digital computers$xTesting$xCongresses$xCircuits 606 $aElectrical & Computer Engineering$2HILCC 606 $aElectrical Engineering$2HILCC 606 $aEngineering & Applied Sciences$2HILCC 615 0$aIntegrated circuits$xCongresses$xTesting 615 0$aElectronic digital computers$xTesting$xCongresses$xCircuits 615 7$aElectrical & Computer Engineering 615 7$aElectrical Engineering 615 7$aEngineering & Applied Sciences 676 $a621.3815/48 712 02$aIEEE Computer Society Test Technology Technical Committee 712 02$aInstitute of Electrical and Electronics Engineers Philadelphia Section. 712 12$aInternational Test Conference 801 0$bPQKB 906 $aPROCEEDING 912 $a996212474403316 996 $aProceedings$957126 997 $aUNISA LEADER 00930nam a22002651i 4500 001 991000104669707536 005 20031015191216.0 008 031111s1996 uik|||||||||||||||||eng 020 $a1853993980 035 $ab12571040-39ule_inst 035 $aARCHE-060429$9ExL 040 $aDip.to Lingue$bita$cA.t.i. Arché s.c.r.l. Pandora Sicilia s.r.l. 082 04$a938 100 1 $aTodd, Stephen Charles$0458936 245 10$aAthens and Sparta /$cS.C. Todd 260 $aLondon :$bBristol Classical Press,$c1996 300 $aXI, 83 p. ;$c22 cm 440 0$aClassical world series 651 4$aGrecia antica$xStoria 907 $a.b12571040$b02-04-14$c13-11-03 912 $a991000104669707536 945 $aLE012 938.007 2 TOD$g1$i2012000180093$lle012$o-$pE0.00$q-$rl$s- $t0$u0$v0$w0$x0$y.i13025429$z13-11-03 996 $aAthens and Sparta$9176704 997 $aUNISALENTO 998 $ale012$b13-11-03$cm$da $e-$feng$guik$h0$i1 LEADER 03980nam 2200625 450 001 9910798534903321 005 20230808194512.0 010 $a3-11-049186-9 010 $a3-11-049196-6 024 7 $a10.1515/9783110491968 035 $a(CKB)3710000000770374 035 $a(EBL)4644637 035 $a(MiAaPQ)EBC4644637 035 $a(DE-B1597)469444 035 $a(OCoLC)956998506 035 $a(DE-B1597)9783110491968 035 $a(Au-PeEL)EBL4644637 035 $a(CaPaEBR)ebr11247881 035 $a(CaONFJC)MIL947566 035 $a(EXLCZ)993710000000770374 100 $a20160901h20162016 uy 0 101 0 $ager 135 $aur|n|---||||| 181 $2rdacontent 182 $2rdamedia 183 $2rdacarrier 200 10$aHoffnung /$fIngolf U. Dalferth 210 1$aBerlin, [Germany] ;$aBoston, [Massachusetts] :$cDe Gruyter,$d2016. 210 4$d©2016 215 $a1 online resource (230 p.) 225 1 $aGrundthemen Philosophie 300 $aDescription based upon print version of record. 311 $a3-11-049206-7 311 $a3-11-049467-1 320 $aIncludes bibliographical references and index. 327 $tFrontmatter -- $tVorwort -- $tInhaltsverzeichnis -- $t1. Das Phänomen des Hoffens -- $t2. Kritik des Hoffens -- $t3. Verteidigung des Hoffens -- $t4. Die Grammatik des Hoffens -- $t5. Hoffen als Sichverlassen -- $t6. Hoffnung als Tugend -- $t7. Hoffnung als Passion -- $t8. Hoffen als Streben nach Glückseligkeit -- $t9. Das Recht der Hoffnung -- $t10. Die Hoffnung der Liebe -- $t11. Hoffnung als Prinzip -- $t12. Die Praxis der Hoffnung -- $t13. Theologie der Hoffnung -- $t14. Hoffnung als Orientierungsweise -- $tAnmerkungen -- $tLiteraturverzeichnis -- $tAbkürzungsverzeichnis -- $tNamenregister -- $tSachregister -- $tBackmatter 330 $aHoffnung ist nicht primär ein Zukunftssinn, sondern unser Sinn für die Möglichkeit des Guten. Diese Studie analysiert das facettenreiche Phänomen des Hoffens aus den unterschiedlichen Theorieperspektiven der europäischen Denkgeschichte, um die Möglichkeiten und Grenzen des Hoffens kritisch zu erkunden und haltbare von fragwürdigen Formen des Hoffens zu unterscheiden. Argumente gegen das Hoffen werden ebenso diskutiert wie Argumente für das Hoffen. Es werden die Auffassungen des Hoffens als Tugend, als Passion, als Streben nach Glückseligkeit untersucht (Plato, Aristoteles, Thomas von Aquin, Descartes, Hobbes, Hume, Spinoza, Leibniz, Wolf). Es wird die Frage nach dem Recht der Hoffnung diskutiert (Kant) und der Versuch Kierkegaards analysiert, Hoffen als Modus der Liebe zu bestimmen. Es wird der philosophische Versuch rekonstruiert, Hoffnung als Prinzip zu denken (Ernst Bloch), und sein theologisches Pendant, eine Theologie der Hoffnung zu entwickeln (Jürgen Moltmann). Die These ist, dass Hoffen ein Grundphänomen des menschlichen Lebens ist, bei dem es nicht primär um die Zukunft geht, sondern das am besten als Sinn für die Möglichkeit des Guten verstanden werden kann. 330 $aHope is not primarily a form of awareness directed at the future. Rather, it is an awareness of the possibilities of the good. Hope is an endangered form of awareness, for it is susceptible to misunderstanding and misuse. This study examines the multi-faceted phenomenon of hope from various perspectives in European intellectual history. It reveals the possibilities and limits of hope while distinguishing between its viable and questionable forms. 410 0$aGrundthemen Philosophie. 606 $aEthics$xPhilosophy 610 $aHappiness. 610 $aHope. 610 $athe Good. 610 $athe Possible. 615 0$aEthics$xPhilosophy. 676 $a170 686 $aCC 6600$qBVB$2rvk 700 $aDalferth$b Ingolf U.$0545754 801 0$bMiAaPQ 801 1$bMiAaPQ 801 2$bMiAaPQ 906 $aBOOK 912 $a9910798534903321 996 $aHoffnung$93713841 997 $aUNINA LEADER 01846nam 2200553 450 001 9910789060103321 005 20230725053352.0 010 $a1-61711-749-8 035 $a(CKB)3710000000073195 035 $a(EBL)3404643 035 $a(SSID)ssj0001039907 035 $a(PQKBManifestationID)12371996 035 $a(PQKBTitleCode)TC0001039907 035 $a(PQKBWorkID)10990428 035 $a(PQKB)10680140 035 $a(MiAaPQ)EBC3404643 035 $a(EXLCZ)993710000000073195 100 $a20101123h20112011 uy| 0 101 0 $aeng 135 $aur|n|---||||| 181 $ctxt 182 $cc 183 $acr 200 00$aCombat orthopedic surgery $elessons learned in Iraq and Afghanistan /$fedited by Brett D. Owens, Philip J. Belmont Jr 210 1$aThorofare, New Jersey :$cSLACK Incorporated,$d[2011] 210 4$d©2011 215 $a1 online resource (343 p.) 300 $aDescription based upon print version of record. 311 $a1-55642-965-7 320 $aIncludes bibliographical references. 327 $asection 1. Principles -- section 2. Advancements -- section 3. Upper extremity -- section 4. Lower extremity -- section 5. Spine/pelvis. 606 $aSurgery, Military 606 $aOrthopedic surgery 606 $aAfghan War, 2001-2021$xMedical care 606 $aIraq War, 2003-2011$xMedical care 615 0$aSurgery, Military. 615 0$aOrthopedic surgery. 615 0$aAfghan War, 2001-2021$xMedical care. 615 0$aIraq War, 2003-2011$xMedical care. 676 $a617.99 701 $aOwens$b Brett D.$f1972-$0939190 701 $aBelmont$b Philip J.$f1969-$01558115 801 0$bMiAaPQ 801 1$bMiAaPQ 801 2$bMiAaPQ 906 $aBOOK 912 $a9910789060103321 996 $aCombat orthopedic surgery$93822244 997 $aUNINA